[Event "Edmonton Schleinich Memorial"]
[Site "Edmonton"]
[Date "2010.01.10"]
[Round "5"]
[White "Todd, Adie"]
[Black "Wanless, Michael"]
[Result "1-0"]
[WhiteElo "1596"]
[BlackElo "1504"]
[PlyCount "33"]
[EventDate "2010.01.08"]
[EventType "swiss"]
[EventRounds "5"]
[EventCountry "CAN"]
[SourceTitle "EXT 2011"]
[Source "ChessBase"]
[SourceDate "2010.11.26"]
[SourceVersion "1"]
[SourceVersionDate "2010.11.26"]
[SourceQuality "1"]

1. d4 d5 2. c4 e6 3. Nc3 c6 4. Nf3 Nf6 5. cxd5 exd5 6. Bf4 Bg4 7. e3 Bb4 8. h3 Bh5 9. Be2 Ne4 10. Qc2 Nd7 11. 0-0 Ndf6 12. Nxe4 Nxe4 13. a3 Bd6 14. Bxd6 Qxd6 15. b4 b5 16. Rac1 Kd7 17. Ne5+ 1-0